Responses for show #7252 - Tuesday, March 8, 2016

Contestants

Annie Moriondo, a bookseller from Somerville, Massachusetts

Paul Hoan Zeidler, a writer and director from Los Angeles, California

Brent Povis, a board game designer from Pittsburgh, Pennsylvania (whose 1-day cash winnings total $24,789)

Jeopardy! Round responses

TRAVELING ALONG ROUTE 66
PLAYBOY
TV IS REALLY COOKING
LITERARY LAST NAMES
2015 CONGRESS FOLK
ALPHABETIC HOMOPHONES
    $200 29
[End-of-round signal sounds.]

Chicago

Brent
    $200 7
(Paul: What are centerfolds?)
(Alex: Be more specific.)
(Paul: Uh, what are, uh, Playboy of the Month centerfolds?)
(Brent: What are photographs?)

nude photographs

BrentPaulAnnie
    $200 19
(Brent: Who is Mario Lopez?)

Mario Batali

BrentAnnie
    $200 4
Corleone

Paul
    $200 22
(Paul) Ryan

Brent
    $200 20
(Alex: Homophone of a letter of the alphabet.)

ex

Triple Stumper
    $400 18
a drive-in

Annie
    $400 11
a rabbit

Paul
    $400 10
Emeril

Paul
    $400 3
Lovegood

Annie
    $400 26
(John) McCain

Brent
    $400 21
El

Paul
    $600 16
(Paul: What is Lubbock?)

Amarillo

Paul
Triple Stumper
    $600 12
(Alex: And that is [*]. Hugh's daughter.)

Christie Hefner

Triple Stumper
    $600 6
Iron Chef

Paul
    $600 1
Thatcher

Brent
    $600 23
(Alex: Yes, with less than a minute.)

gee

Brent
    $1,000 15
(Brent: What is How the West Was Won?)

The Grapes of Wrath

Brent
    $800 13
Enron

Paul
    $800 8
Hell's Kitchen

Annie
    $800 2
(Brent: What is Dumas?)

Dantes

BrentAnnie
    $800 28
Al Franken

Annie
    $800 25
pea

Annie
    $1000 17
Santa Monica

Paul
    $1000 14
1976

Brent
    $1000 9
Man v. Food

Annie
    $1000 5
Blomkvist

Annie
    $1000 27
Nancy Pelosi

Paul
    $1000 24
a queue

Annie

Scores at the first commercial break (after clue 15):

Brent Paul Annie
-$400 $2,200 $4,200

Scores at the end of the Jeopardy! Round:

Brent Paul Annie
$800 $4,000 $7,400

Double Jeopardy! Round responses

ORGANS OF THE BODY
CLASSICAL COMPOSERS
ALL THE GLITTERING PRIZES
OF "THY" I SING
WHEN THINGS WERE ROTTEN
JOHNNY DEPP FILMS
    $400 22
the lungs

Annie
    $400 4
Beethoven

Annie
    $400 7
the America's Cup

Brent
    $400 16
healthy and wealthy

Brent
    $400 23
Charlie and the Chocolate Factory

Brent
    $800 6
the liver

Paul
    $800 2
(Edvard) Grieg

Brent
    $800 9
Holland (or the Netherlands)

Paul
    $800 14
sympathy

Brent
    $800 21
(Paul: What is the exchange rate?)
(Alex: It was because of [*]. And we have less than a minute to go now.)

inflation

Paul
Triple Stumper
    $2,000 5
a heart murmur

Annie
    $1200 1
Bohemia

Brent
    $1200 10
Pershing

Brent
    $1200 13
Timothy

Annie
    $1600 11
nephrons

Brent
    $1600 3
Rimsky-Korsakov

Brent
    $4,000 17
(Alex: Brent?)
[Signal sounds]
(Brent: Who is Frank Lloyd Wright?)

Grant Wood

Brent
    $1600 15
apathy

Annie
    $1600 20
(Brent: What is mud?)

garbage

BrentAnnie
    $1600 25
[End-of-round signal sounds.]

Don Juan DeMarco

Brent
    $2000 12
the spleen

Triple Stumper
    $2000 8
(Gustav) Mahler

Paul
    $2000 18
Andrei Sakharov

Triple Stumper
    $2000 19
Galsworthy

Brent
    $2000 24
Paris

Triple Stumper

Scores at the end of the Double Jeopardy! Round:

Brent Paul Annie
$7,200 $6,800 $14,600
(lock game)

[wagering suggestions for these scores]

Final Jeopardy! Round responses

THE WESTERN HEMISPHERE
PaulWho is Columbus
$500
BrentWho is Columbus?
$6,401
AnnieWho is Christopher Columbus?
$7,700
Christopher Columbus

Final scores:

Brent Paul Annie
$13,601 $7,300 $22,300
2nd place: $2,000 3rd place: $1,000 New champion: $22,300

Game dynamics:

Coryat scores:

Brent Paul Annie
$12,200 $6,800 $13,800
17 R,
6 W
(including 2 DDs)
11 R,
3 W
17 R
(including 1 DD),
0 W

Combined Coryat: $32,800

The J! Archive is created by fans, for fans. The Jeopardy! game show and all elements thereof, including but not limited to copyright and trademark thereto, are the property of Jeopardy Productions, Inc. and are protected under law. This website is not affiliated with, sponsored by, or operated by Jeopardy Productions, Inc. Join the discussion at JBoard.tv.